000 00661cam a2200229 a 4500
001 4971404
005 20180814051248.0
008 970626s1996 enka be 000 0 eng
010 _a 97166752
_z 97122226
020 _a0415108292
040 _aDLC
_cDLC
_dDLC
041 _aeng
080 _a300.3
082 0 0 _a300.3
_221
100 _a23
101 _aENC
245 0 4 _aThe social science encyclopedia /
_cedited by Adam Kuper and Jessica Kuper.
504 _aIncludes bibliographical references.
906 _a7
_bcbc
_corignew
_d2
_encip
_f19
_gy-gencatlg
942 _2ddc
_cBK
999 _c47104
_d47104